Αρχές Οικονομικής Πολιτικής (Record no. 1959)
[ view plain ]
| 000 -LEADER | |
|---|---|
| fixed length control field | 01805cam a22002054a 4500 |
| 005 - ΗΜΕΡΟΜΗΝΙΑ ΚΑΙ ΩΡΑ ΤΕΛΕΥΤΑΙΑΣ ΕΝΗΜΕΡΩΣΗΣ | |
| Πεδίο ελέγχου | 20250605164024.0 |
| 008 - FIXED-LENGTH DATA ELEMENTS--GENERAL INFORMATION | |
| Πεδίο ελέγχου σταθερού μήκους | 250528s ||||||||||||||||||||||||d |
| 035 ## - SYSTEM CONTROL NUMBER | |
| System control number | 16460 |
| 020 ## - ISBN | |
| ISBN | 9603590436 |
| 040 ## - ΠΗΓΗ ΚΑΤΑΛΟΓΟΓΡΑΦΗΣΗΣ | |
| Φορέας πρωτότυπης καταλογογράφησης | MC Athens Campus Library |
| Γλώσσα καταλογογράφησης | Ελληνικά, Μοντέρνα (1453-) |
| Modifying agency | MC Athens Campus Library |
| Κανόνες περιγραφικής καταλογογράφησης | AACR2 |
| 245 1# - ΤΙΤΛΟΣ ΚΑΙ ΔΗΛΩΣΗ ΥΠΕΥΘΥΝΟΤΗΤΑΣ | |
| Τίτλος | Αρχές Οικονομικής Πολιτικής |
| 250 ## - EDITION STATEMENT | |
| Edition statement | 2η |
| 260 ## - PUBLICATION, DISTRIBUTION, ETC. | |
| Name of publisher, distributor, etc. | Ευγ. Μπένου, |
| Date of publication, distribution, etc. | 1999 |
| 300 ## - PHYSICAL DESCRIPTION | |
| Extent | 384 |
| 520 ## - SUMMARY, ETC. | |
| Summary, etc. | Πρόλογος, Γενική Εισαγωγή, Ο Παρεμβατικός Ρόλος του Κράτους, Οι Συνιστώσες της Οικονομικής Πολιτικής, Οι Σκοποί της Οικονομικής Πολιτικής, Τα Μέσα της Οικονομικής Πολιτικής, Κοινωνικές Προτιμήσεις, Υποδείγματα Οικονομικής Πολιτικής, Παραδοσιακή Θεωρία Οικονομικής Πολιτικής, Υποδείγματα Σταθερών Στόχων, Υπόδειγμα Ευέλικτων Στόχων, Ευέλικτοι Στόχοι υπό Αβεβαιότητα, Βραχυχρόνια Οικονομική Πολιτική, Δυναμική Πολιτική, Ορθολογικές Προσδοκίες και Οικονομική Πολιτική, Νέα Οικονομική Πολιτική, Περιορισμοί Κινήτρων, Νομισματική Πολιτική σε Εναλλακτικά Θεσμικά Καθεστώτα, Η Φήμη ως Υποκατάστατο των Κανόνων, Φήμη και Σηματοδότηση Προτιμήσεων, Πολιτικοί Κύκλοι, Ευρετήριο Όρων και Συγγραφέων. |
| 700 1# - ΠΡΟΣΘΕΤΗ ΑΝΑΓΡΑΦΗ--ΦΥΣΙΚΟ ΠΡΟΣΩΠΟ | |
| Personal name | Προδρομίδη Κυπριανού Π |
| 9 (RLIN) | 2559 |
| 942 ## - ADDED ENTRY ELEMENTS (KOHA) | |
| Koha item type | Books |
| Τύπος τεκμηρίου | Βιβλιοθήκη | Τρέχουσα τοποθεσία | Barcode | Αριθμός εισαγωγής | Ημερομηνία απόκτησης | Ταξιθετικό σύμβολο | Αριθμός αντιτύπου | Κατάσταση απόσυρσης | Κατάσταση χαμένου | Κατάσταση κατεστραμμένου | Μη δανεισμός | Σύνολο δανεισμών | Ημερομηνία τελευταίας εμφάνισης | Η τιμή ισχύει από |
|---|---|---|---|---|---|---|---|---|---|---|---|---|---|---|
| Books | MC Athens Campus Library | MC Athens Campus Library | 9780000019585 | 4164 | 05/06/2025 | 338.9 PRO | 1 | 05/06/2025 | 05/06/2025 |